000 00259nam a2200109Ia 4500
008 200302s9999 xx 000 0 und d
100 _aLord William Taylour
245 _aThe Mycenaeans
260 _bThames and Hudson Ltd.
260 _c19893
300 _a180 P.,
999 _c2230
_d2230